000 00522nam a22001697a 4500
003 BD-ChCU
005 20260429092132.0
008 260429b bg ||||| |||| 00| 0 ben d
040 _cBD-ChCU
082 _a618.707 TOS
100 _aTorbert , Marianne .
_922033
245 _aSecrets to success in sport & guide for players of all ages ./
_cMarianne , Torbert.
260 _aEnglewood :
_bprentice - hall ,
_cC 1982
300 _axv , 144p.
650 0 _aPhysical education and Training .
_922035
942 _2ddc
_cBK
_n0
999 _c112496
_d112496